LEADER 01958nam 2200541 450 001 9910453470903321 005 20200520144314.0 010 $a0-8032-4829-6 035 $a(CKB)2550000001130746 035 $a(OCoLC)860923099 035 $a(CaPaEBR)ebrary10782956 035 $a(SSID)ssj0001001467 035 $a(PQKBManifestationID)11614256 035 $a(PQKBTitleCode)TC0001001467 035 $a(PQKBWorkID)10966532 035 $a(PQKB)10253924 035 $a(MiAaPQ)EBC1477351 035 $a(MdBmJHUP)muse27744 035 $a(Au-PeEL)EBL1477351 035 $a(CaPaEBR)ebr10782956 035 $a(CaONFJC)MIL530557 035 $a(OCoLC)861081467 035 $a(EXLCZ)992550000001130746 100 $a20130607h20132013 uy| 0 101 0 $aeng 135 $aurcnu|||||||| 181 $ctxt 182 $cc 183 $acr 200 10$aAgainst autobiography $eAlbert Memmi and the production of theory /$fLia Nicole Brozgal 210 1$aLincoln :$cUniversity of Nebraska Press,$d[2013] 210 4$dİ2013 215 $a1 online resource (252 p.) 300 $aBibliographic Level Mode of Issuance: Monograph 311 $a0-8032-4042-2 311 $a1-299-99306-0 320 $aIncludes bibliographical references and index. 327 $aOf authors and archives: Albert Memmi's francophone postcolonial -- Writing back to whom? novel strategies of ambiguity and the "mark of the plural" -- Writing without seeing: the enigmas of Memmi's "denigration of vision" -- From colonizer and colonized to decolonization and the decolonized: texts, contexts, paratexts -- Continuations: Albert Memmi in the post-francophone world. 608 $aElectronic books. 676 $a843/.914 700 $aBrozgal$b Lia Nicole$f1972-$0901040 801 0$bMiAaPQ 801 1$bMiAaPQ 801 2$bMiAaPQ 906 $aBOOK 912 $a9910453470903321 996 $aAgainst autobiography$92014024 997 $aUNINA LEADER 02203oam 2200721 450 001 9910711528103321 005 20181116155155.0 035 $a(CKB)5470000002484773 035 $a(OCoLC)760336203 035 $a(EXLCZ)995470000002484773 100 $a20111111d1983 ua 0 101 0 $aeng 135 $aurbn||||||||| 181 $ctxt$2rdacontent 182 $cc$2rdamedia 183 $acr$2rdacarrier 200 10$aMarital and family patterns of workers $ean update 210 1$a[Washington, D.C.] :$cU.S. Department of Labor, Bureau of Labor Statistics,$d1983. 215 $a1 online resource (v, 34 pages) 225 1 $aSpecial labor force report 225 1 $aBulletin ;$v2163 300 $a"May 1983." 300 $a"Howard Hayghe"--Page 1. 517 $aMarital and family patterns of workers 606 $aLabor supply$zUnited States$vStatistics 606 $aWomen$xEmployment$zUnited States$vStatistics 606 $aMarried people$xEmployment$zUnited States$vStatistics 606 $aMarital status$zUnited States$vStatistics 606 $aFamily size$zUnited States$vStatistics 606 $aFamily size$2fast 606 $aLabor supply$2fast 606 $aMarital status$2fast 606 $aMarried people$xEmployment$2fast 606 $aWomen$xEmployment$2fast 607 $aUnited States$2fast 608 $aStatistics.$2fast 608 $aStatistics.$2lcgft 615 0$aLabor supply 615 0$aWomen$xEmployment 615 0$aMarried people$xEmployment 615 0$aMarital status 615 0$aFamily size 615 7$aFamily size. 615 7$aLabor supply. 615 7$aMarital status. 615 7$aMarried people$xEmployment. 615 7$aWomen$xEmployment. 676 $a331.11/0973 700 $aHayghe$b Howard$01396683 712 02$aUnited States.$bBureau of Labor Statistics, 801 0$bOCLCE 801 1$bOCLCE 801 2$bOCLCQ 801 2$bOCLCF 801 2$bOCLCQ 801 2$bOCLCO 801 2$bOCLCQ 801 2$bOWS 801 2$bGPO 906 $aBOOK 912 $a9910711528103321 996 $aMarital and family patterns of workers$93507848 997 $aUNINA